000
00257nam a22001217a 4500
008
170714b xxu||||| |||| 00| 0 eng d
041
_a
eng
080
_a
16
100
_a
23
101
_a
FIL
245
_a
THE REPUBLIC PLATO
_c
LERR.D
942
_2
udc
_c
BK
999
_c
20746
_d
20746